[Event "Cologne Longerich op 09th"]
[Site "Cologne"]
[Date "2012.08.04"]
[Round "2"]
[White "Huebben, Dominik"]
[Black "De Vivie, Achim"]
[Result "0-1"]
[WhiteElo "1854"]
[BlackElo "1727"]
[PlyCount "62"]
[EventDate "2012.08.03"]
[EventType "tourn"]
[EventRounds "5"]
[EventCountry "GER"]
[SourceTitle "EXT 2017"]
[Source "ChessBase"]
[SourceDate "2016.10.25"]
[SourceVersion "1"]
[SourceVersionDate "2016.10.25"]
[SourceQuality "1"]

1. d4 d5 2. Bg5 Nf6 3. Bxf6 exf6 4. e3 Be6 5. Ne2 Bd6 6. Nf4 0-0 7. Bd3 Nd7 8. Nxd5 f5 9. Qf3 c6 10. Ndc3 g6 11. 0-0 Nf6 12. h3 Nh5 13. Nd2 Qh4 14. Nc4 Bc7 15. d5 Bd7 16. e4 fxe4 17. Bxe4 Nf4 18. dxc6 Nxh3+ 19. gxh3 Bxh3 20. Ne3 Bh2+ 21. Kxh2 Bg4+ 22. Kg1 Bxf3 23. Bxf3 bxc6 24. Bxc6 Rac8 25. Bg2 Rc5 26. Ncd5 f5 27. b4 Rc6 28. Ne7+ Qxe7 29. Bxc6 f4 30. Ng4 f3 31. Nh2 Qg5+ 0-1

[Event "Cologne Longerich op 09th"]
[Site "Cologne"]
[Date "2012.08.03"]
[Round "1"]
[White "De Vivie, Achim"]
[Black "Wigger, Reiner"]
[Result "1/2-1/2"]
[WhiteElo "1727"]
[BlackElo "1843"]
[PlyCount "98"]
[EventDate "2012.08.03"]
[EventType "tourn"]
[EventRounds "5"]
[EventCountry "GER"]
[SourceTitle "EXT 2017"]
[Source "ChessBase"]
[SourceDate "2016.10.25"]
[SourceVersion "1"]
[SourceVersionDate "2016.10.25"]
[SourceQuality "1"]

1. e4 d5 2. exd5 Nf6 3. Nf3 Nxd5 4. d4 Bg4 5. Be2 Nc6 6. c4 Nb6 7. d5 Bxf3 8. Bxf3 Ne5 9. Be2 g6 10. f4 Ned7 11. 0-0 Bg7 12. Nc3 0-0 13. Be3 Nf6 14. Qb3 Qc8 15. Bf3 Rb8 16. Rad1 e6 17. c5 Nbxd5 18. Nxd5 exd5 19. Bxd5 Nxd5 20. Rxd5 Rd8 21. Rxd8+ Qxd8 22. Rd1 Qe7 23. Qa3 Bxb2 24. Qb3 Bg7 25. c6 b6 26. Rd7 Qe8 27. Rxc7 Bd4 28. Kf2 Bxe3+ 29. Qxe3 Qd8 30. Rd7 Qh4+ 31. Kg1 Rc8 32. c7 Qf6 33. Qd2 Kg7 34. g3 h5 35. Qd5 Qa1+ 36. Kg2 Qb2+ 37. Kh3 Qf6 38. Qe5 a6 39. Qxf6+ Kxf6 40. Rd6+ Ke7 41. Rxb6 Rxc7 42. Rxa6 Rc2 43. a4 Ra2 44. a5 Kf8 45. Ra8+ Kg7 46. a6 Kf6 47. a7 Kf5 48. Rb8 Rxa7 49. Rb5+ Kf6 1/2-1/2

[Event "Cologne Longerich op 7th"]
[Site "Cologne"]
[Date "2010.08.01"]
[Round "5"]
[White "Eulering, Georg"]
[Black "De Vivie, Achim"]
[Result "1-0"]
[WhiteElo "2079"]
[BlackElo "1767"]
[PlyCount "81"]
[EventDate "2010.07.30"]
[EventType "swiss"]
[EventRounds "5"]
[EventCountry "GER"]
[SourceTitle "EXT 2011"]
[Source "ChessBase"]
[SourceDate "2010.11.26"]
[SourceVersion "1"]
[SourceVersionDate "2010.11.26"]
[SourceQuality "1"]

1. e4 e5 2. Nf3 Nf6 3. Nxe5 d6 4. Nxf7 Kxf7 5. d4 c6 6. Bd3 Be7 7. 0-0 Bg4 8. f3 Bh5 9. g4 Bg6 10. Nc3 Rf8 11. g5 Nfd7 12. Bc4+ Ke8 13. f4 Nb6 14. Bd3 Na6 15. a3 c5 16. Bb5+ Nd7 17. d5 Nc7 18. Bd3 a6 19. a4 Nb6 20. a5 Nd7 21. h4 b5 22. axb6 Nxb6 23. b3 Qd7 24. f5 Bf7 25. Qe2 Qc8 26. Bb2 Nd7 27. Na4 Rb8 28. Bxg7 Rg8 29. Bc3 Nb5 30. Bb2 Ne5 31. Bxe5 dxe5 32. Qh2 Bd6 33. Nb2 h6 34. Qg3 hxg5 35. hxg5 Qd8 36. f6 c4 37. Nxc4 Bc5+ 38. Kg2 Bd4 39. Rxa6 Bxd5 40. exd5 Qxd5+ 41. Rf3 1-0